Distributed systems : principles and paradigms (Record no. 23365)

000 -LEADER
fixed length control field 00295nam a22000977a 4500
008 - FIXED-LENGTH DATA ELEMENTS--GENERAL INFORMATION
fixed length control field 130411b xxu||||| |||| 00| 0 eng d
020 ## - INTERNATIONAL STANDARD BOOK NUMBER
Terms of availability Avalable
082 ## - DEWEY DECIMAL CLASSIFICATION NUMBER
Classification number 004.36TAN
Author Mark 000086
245 ## - TITLE STATEMENT
Title Distributed systems : principles and paradigms
Statement of responsibility, etc. Tanenbaum, Andrew S.
260 ## - PUBLICATION, DISTRIBUTION, ETC.
Place of publication, distribution, etc. India
Name of publisher, distributor, etc. Pearson Education
Date of publication, distribution, etc. 1998
Holdings
Withdrawn status Lost status Source of classification or shelving scheme Damaged status Not for loan Collection code Permanent Location Current Location Shelving location Date acquired Total Checkouts Full call number Barcode Date last seen Date last checked out Price effective from Koha item type
            Central Library (CL) Central Library (CL) First Floor - Data Communication/Network/Architecture 04/11/2013 1 004.36TAN RCMS000086 03/12/2026 01/27/2026 04/11/2013 Book
© 2023 Central Library, National University of Sciences and Technology. All Rights Reserved.